|
|
|
|
| LEADER |
00000nam0a2200000 4500 |
| 001 |
271334 |
| 005 |
20231101234428.0 |
| 035 |
|
|
|a (RuTPU)RU\TPU\book\294515
|
| 090 |
|
|
|a 271334
|
| 100 |
|
|
|a 20141007d1986 m y0rusy5003 ca
|
| 101 |
0 |
|
|a rus
|
| 102 |
|
|
|a KG
|
| 105 |
|
|
|a a j 001zy
|
| 200 |
1 |
|
|a Методологические и методические вопросы НИРС
|e учебное пособие для вузов
|f В. М. Журавлев, Ю. Н. Арсеньев, В. Ф. Бабак
|
| 210 |
|
|
|a Фрунзе
|c Изд-во ФПИ
|d 1986
|
| 215 |
|
|
|a 118 с.
|c ил.
|
| 320 |
|
|
|a Библиогр.: с. 107-108
|
| 606 |
1 |
|
|a Научно-исследовательская работа
|x Учащиеся вузов
|2 stltpush
|3 (RuTPU)RU\TPU\subj\45147
|9 64409
|
| 610 |
1 |
|
|a студенты
|
| 610 |
1 |
|
|a вузы
|
| 610 |
1 |
|
|a НИРС
|
| 610 |
1 |
|
|a методология
|
| 610 |
1 |
|
|a методические основы
|
| 610 |
1 |
|
|a научные исследования
|
| 610 |
1 |
|
|a научное творчество
|
| 610 |
1 |
|
|a учебные пособия
|
| 686 |
|
|
|a Ч481.268я73
|2 rubbk
|
| 700 |
|
1 |
|a Журавлев
|b В. М.
|g Владимир Михайлович
|4 070
|
| 701 |
|
1 |
|a Арсеньев
|b Ю. Н.
|g Юрий Николаевич
|
| 701 |
|
1 |
|a Бабак
|b В. Ф.
|g Валентин Федорович
|
| 801 |
|
0 |
|a RU
|b RuMRKP
|c 19950417
|g psbo
|
| 801 |
|
1 |
|a RU
|b 63413507
|c 20141007
|
| 801 |
|
2 |
|a RU
|b 63413507
|c 20161208
|g RCR
|
| 942 |
|
|
|c BK
|